000 00574nam a2200193Ia 4500
005 20250326143838.0
008 250326s9999 xx 000 0 und d
020 _a0 521 83238 1
037 _aTextbook
040 _aFMSL
_beng
_cFMSL
041 _aeng
_2eng
084 _aX P4
_qFMSL
100 _aDietzenbacher Erik
_9747666
245 0 _aWassily leontief and input-output economics
_cDietzenbacher Erik; Lahr Michael L
260 _aUnited Kingdom
_bUnited Kingdom, Cambridge
_c2004
300 _axxi,396
942 _cTB
_hX P4
999 _c1301299
_d1301299